000 00982nam a22002537a 4500
003 OSt
005 20260512151737.0
008 260512b |||||||| |||| 00| 0 eng d
020 _a9780723295303
040 _aKenya National Library Service
082 _a428.6 HOR
100 _aHorsley, Lorraine,
_eadapter.
245 _aCamping trip /
_cadaptation written by Lorraine Horsley.
300 _a31 pages :
_bcolour illustrations ;
_c18 cm.
490 _aRead it yourself with Ladybird ;
_vLevel 2.
500 _aBased on the television characters created by Neville Astley and Mark Baker.
520 _aPeppa Pig and her family go on a camping holiday in their camper van and get lost along the way. Includes reading support features for beginner readers.
650 _aReaders (Primary).
700 _aAstley, Neville,
_ecreator.
700 _aBaker, Mark,
_ecreator.
942 _2ddc
_cBK
_n0
999 _c492728
_d492728